• 首页
  • 本馆介绍
  • 公告通知
  • 最新文献
  • 馆藏检索
  • 电子资源
  • 读者导购
  • 参考咨询
  • 我的图书馆
  • 登录
  • 详细信息显示
  • 放入我的书架
  • 预约/预借图书
  • 作者相关作品
  • 分类相关作品
  • 丛书相关作品
  • 出版社相关作品

书目信息

  • 表格格式
  • 工作单格式
  • 卡片格式
题名:
怎样列方程
    
 
作者: 蔡君时 著
分册:  
出版信息: 北京   中国青年出版社  1956
页数: 106页
开本: 19cm
丛书名:
单 册:
中图分类: G634.6 , O122.2
科图分类:
主题词: 方程--中学--自学参考资料 , 初等数学
电子资源:
ISBN:
000 00637nam0 2200253 45
001 0179002584
005 20040519172732.0
010    @dCNY0.34
091    @a13009.46
100    @a19950725d1956 demy0chiy0121 ea
101 0  @achi
102    @aCN@b410000
105    @ay z 000yy
106    @ar
200 10 @a怎样列方程@Azen yang lie fang cheng@f蔡君时著@FCai Jun Shi Zhu
210    @a北京@c中国青年出版社@d1956
215    @a106页@d19cm
606    @a方程@x中学@x自学参考资料
606 0  @a初等数学
690    @aG634.6@v3
690    @aO122.2
701  0 @a蔡君时@4著
801  0 @aCN@bNLC@c20040519
905    @f1@b6630@dO122.2@e34
    
    怎样列方程/蔡君时著.-北京:中国青年出版社,1956
    106页;19cm
    
    
    ISBN :CNY0.34
    
●
相关链接 在E读中查询图书 在五车中查询图书 在当当中查询图书 在豆瓣中查询图书


正题名:怎样列方程     索取号:O122.2/34         预约/预借

序号 登录号 条形码 馆藏地/架位号 状态 备注
1 0006630   001244013   第三借阅区/ [索取号:O122.2/34] 在馆    
唐山师范学院图书馆 欢迎您!
大连网信软件有限公司© 版权所有